Dragon Ball/Z/Super Items - Statistics

General Stats
  • This quiz has been taken 19 times
    6 since last reset
  • The average score is 9 of 32
Answer Stats
Picture Answer % Correct
Dragon Balls
100%
Senzu Bean
100%
Super Dragon Balls
100%
Capsule
67%
Dragon Radar
67%
Namekian Dragon Balls
67%
Scouter
67%
Z Sword
67%
Flying Nimbus
50%
Dark Nimbus
33%
Nyoibo
33%
Potara Earrings
33%
Third Eye
33%
Magic Carpet
17%
Majin Mark
17%
Saiyan Armor
17%
Angel Staff
0%
Bansho Fan
0%
Crystal Ball
0%
Energy-Suction Device
0%
Future Trunks' Sword
0%
Godpad
0%
Kachi Katchin
0%
Katchin
0%
Korin's Staff
0%
Piccolo's Cape
0%
Rice Cooker
0%
Roshi's Staff
0%
Sacred Water
0%
Sealed Ball
0%
Yajirobe's Sword
0%
Zeno's Button
0%
No matching quizzes found
Score Distribution
Percent of People with Each Score
Percentile by Number Answered
Your Score History
You have not taken this quiz since the last reset